| 000 | 00932cam a2200217 4500 | ||
|---|---|---|---|
| 001 | WB3723-05 | ||
| 008 | 000000n2001 000 0 eng u | ||
| 035 | _a(Sirsi) u113104 | ||
| 245 | _aClients driven to wrong conclusion | ||
| 260 | _c2001 | ||
| 490 |
_aContract Journal _v409(6331) 13 June 2001, 4(1) |
||
| 520 | _aAccording to Ian Costantinides at the recent RICS National Conservation Conference, clients are opting for over-engineered solutions through fear and inexperience. Costantinides suggests that consultant contractor should be introduced before tender documents are prepared in order to save money and produce better results in conservation projects. | ||
| 590 | _aWB | ||
| 650 | _aCLIENTS | ||
| 650 | _aTENDERS | ||
| 650 | _aHISTORIC BUILDINGS | ||
| 650 | _aCONSULTANTS | ||
| 650 | _aCONTRACTORS | ||
| 690 | _aBUILT ENVIRONMENT-BUILDING MAINTENANCE AND REFURBISHMENT-BUILDING CONSERVATION | ||
| 942 | _n0 | ||
| 999 |
_c67334 _d67334 |
||